000 00268nam a2200109Ia 4500
001 587521
005 20250717113817.0
008 250717s9999 xx 000 0 und d
245 0 _aX-10 KÜKRE
_cSTEPHANIE WARREN DRIMMER
260 _bBETA YAYINLARI
_c2020
300 _b48
999 _c587521
_d587521